| 000 | 00787nmc a2200277 a 4500 | ||
|---|---|---|---|
| 003 | AR-BaBNM | ||
| 005 | 20251128210740.0 | ||
| 008 | 261020s2001 ||||||||||||||000 | spa|| | ||
| 020 | _a950-808-287-9 | ||
| 040 | _cAR-BaBNM | ||
| 245 | 1 | 0 |
_aLa función tutorial _buna revisión de la cultura institucional escolar |
| 260 |
_aRosario _bHomo Sapiens Ediciones _c2001 |
||
| 300 | 0 |
_a100 p. _btablas |
|
| 490 | 0 | _aEducación | |
| 504 | _aContiene referencias bibliográficas al final de cada capítulo | ||
| 610 | 2 | 4 | _aProyecto 13 |
| 650 | 4 | _aTUTORIA | |
| 650 | 4 | _aDOCENTES | |
| 650 | 4 | _aESTUDIOS DE CASOS | |
| 651 | 4 | _aBuenos Aires [Provincia] | |
| 651 | 4 | _aSanta Fe | |
| 653 | 0 | _aORIENTACION EDUCATIVA | |
| 653 | 0 | _aEDUCACION SECUNDARIA | |
| 942 | _cBK | ||
| 998 | _cRAQUEL | ||
| 999 |
_c16728 _d16728 |
||